Score 0/10 Timer 00:30
7 Plays Today
% Correct
Auto Racing
88.9%
American Football
86.9%
Wrestling
85.7%
Basketball
85.1%
Hockey
84.1%
Baseball
83.8%
Soccer
82.9%
Golf
82.6%
Boxing
77.2%
Tennis
75.6%

Today's Daily Dose

Remove Ads.
Support Sporcle.
Get the best of Sporcle when you Go Orange. This ad-free experience offers more features, more stats, and more fun while also helping to support Sporcle. Thank you for becoming a member.

You're not logged in!

Compare scores with friends on all Sporcle quizzes.
OR
Log In

Show Comments

Extras

Top Quizzes Today


Score Distribution

Your Account Isn't Verified!

In order to create a playlist on Sporcle, you need to verify the email address you used during registration. Go to your Sporcle Settings to finish the process.

Report this User

Report this user for behavior that violates our Community Guidelines.

Details: